[Event "Regionalliga Sued-West 1718"]
[Site "Bayern"]
[Date "2018.01.21"]
[Round "5.2"]
[White "Fischer, Manfred"]
[Black "Mueller, Lukas1111"]
[Result "0-1"]
[WhiteElo "2083"]
[BlackElo "2016"]
[PlyCount "70"]
[EventDate "2017.10.22"]
[EventType "team-tourn"]
[EventRounds "9"]
[EventCountry "GER"]
[SourceTitle "EXT 2022"]
[Source "ChessBase"]
[SourceDate "2021.10.06"]
[SourceVersion "1"]
[SourceVersionDate "2021.10.06"]
[SourceQuality "1"]
[WhiteTeam "Tuerkheim/Bad Woerishofen"]
[BlackTeam "Zugzwang MSA II"]
[WhiteTeamCountry "GER"]
[BlackTeamCountry "GER"]

1. e4 d6 2. f4 Nf6 3. Nc3 e5 4. fxe5 dxe5 5. Nf3 Bg4 6. Be2 Nbd7 7. 0-0 Bc5+ 8. Kh1 Qe7 9. a3 0-0-0 10. b4 Bxf3 11. Bxf3 Bd4 12. Rb1 Bxc3 13. dxc3 Nb6 14. Qe2 Qe6 15. Bg5 Kb8 16. Bh4 h6 17. Bf2 Nc4 18. Rfd1 g5 19. g3 h5 20. Bg1 g4 21. Bg2 h4 22. gxh4 Nh5 23. Qf2 b6 24. a4 Rdg8 25. Qf5 g3 26. Rd3 Rg4 27. Qxe6 fxe6 28. hxg3 Nxg3+ 29. Kh2 Rhxh4+ 30. Bh3 Nxe4 31. Rf1 Rg8 32. Rff3 Ncd2 33. Rfe3 Nf1+ 34. Kh1 Nxe3 35. Rxe3 Ng3+ 0-1

[Event "Regionalliga SW 1617"]
[Site "Bayern"]
[Date "2017.01.15"]
[Round "4.1"]
[White "Moufang, Rainer"]
[Black "Fischer, Manfred"]
[Result "1-0"]
[WhiteElo "2288"]
[BlackElo "2124"]
[PlyCount "51"]
[EventDate "2016.10.16"]
[EventType "team-tourn"]
[EventRounds "9"]
[EventCountry "GER"]
[SourceTitle "EXT 2019"]
[Source "ChessBase"]
[SourceDate "2018.10.10"]
[SourceVersion "1"]
[SourceVersionDate "2018.10.10"]
[SourceQuality "1"]
[WhiteTeam "Haar"]
[BlackTeam "Tuerkheim/Bad Woerishofen"]
[WhiteTeamCountry "GER"]
[BlackTeamCountry "GER"]

1. d4 g6 2. e4 Bg7 3. c3 d5 4. e5 c5 5. Nf3 Bg4 6. Be3 Nh6 7. dxc5 Bxf3 8. Qxf3 Nf5 9. Bd3 Nc6 10. Bxf5 gxf5 11. Qxf5 Nxe5 12. Bd4 e6 13. Qh3 Qg5 14. 0-0 Ng6 15. Bxg7 Nf4 16. Qf3 Rg8 17. Bd4 Qf5 18. g3 0-0-0 19. Nd2 Nh3+ 20. Kg2 Qc2 21. Kxh3 Qxd2 22. b4 f5 23. Qe3 Qc2 24. Be5 Rg4 25. c6 b6 26. Bf4 1-0

[Event "Niedersachsen-ch op-B"]
[Site "Verden"]
[Date "2016.01.03"]
[Round "1"]
[White "Fischer, Manfred"]
[Black "Schmugge, Jens"]
[Result "0-1"]
[WhiteElo "1823"]
[BlackElo "1627"]
[PlyCount "73"]
[EventDate "2016.01.03"]
[EventType "swiss"]
[EventRounds "7"]
[EventCountry "GER"]
[SourceTitle "EXT 2018"]
[Source "ChessBase"]
[SourceDate "2017.10.13"]
[SourceVersion "1"]
[SourceVersionDate "2017.10.13"]
[SourceQuality "1"]

1. e4 e6 2. d4 d5 3. exd5 exd5 4. Bd3 Bd6 5. Ne2 Nf6 6. Bg5 h6 7. Bh4 Be6 8. Nd2 Nbd7 9. c3 c6 10. Qc2 Qc7 11. Bg3 0-0 12. 0-0 Rfe8 13. Rae1 Re7 14. Bxd6 Qxd6 15. Ng3 g6 16. Nf3 Rae8 17. Ne5 Qc7 18. b4 Nxe5 19. dxe5 Bd7 20. f4 h5 21. h3 h4 22. Ne2 Nh5 23. Rf3 a5 24. a3 g5 25. g4 hxg3 26. Nxg3 Nxf4 27. Bh7+ Kh8 28. Nf5 Rxe5 29. Ne3 Qb6 30. bxa5 Qxa5 31. Qd2 Kxh7 32. Ng2 Rxe1+ 33. Nxe1 Qxa3 34. h4 Re2 35. Qd1 Qc5+ 36. Kh1 Bg4 37. hxg5 0-1

[Event "Regionalliga SW 1516"]
[Site "Bayern"]
[Date "2015.10.25"]
[Round "2.1"]
[White "Fischer, Manfred"]
[Black "Schuetz, Guenter"]
[Result "1/2-1/2"]
[WhiteElo "2124"]
[BlackElo "2027"]
[PlyCount "128"]
[EventDate "2015.10.11"]
[EventType "team-tourn"]
[EventRounds "9"]
[EventCountry "GER"]
[SourceTitle "EXT 2018"]
[Source "ChessBase"]
[SourceDate "2017.10.13"]
[SourceVersion "1"]
[SourceVersionDate "2017.10.13"]
[SourceQuality "1"]
[WhiteTeam "Tuerkheim/Bad Woerishofen"]
[BlackTeam "Bayern Muenchen III"]
[WhiteTeamCountry "GER"]
[BlackTeamCountry "GER"]

1. e4 c5 2. Nf3 Nc6 3. Bb5 g6 4. 0-0 Bg7 5. Re1 Nf6 6. d3 0-0 7. h3 Qc7 8. c3 d5 9. Bg5 dxe4 10. dxe4 Be6 11. Nbd2 Rad8 12. Qa4 Ne5 13. Nxe5 Qxe5 14. Nf3 Qc7 15. e5 Nd5 16. Qh4 a6 17. Bf1 Rfe8 18. Bh6 f6 19. a4 Qc6 20. Bxg7 Kxg7 21. a5 Bg8 22. Qg3 Nc7 23. h4 h5 24. b4 Ne6 25. Reb1 c4 26. Be2 Qe4 27. Re1 Nf4 28. Bd1 Qf5 29. Nd4 Rxd4 30. cxd4 Rd8 31. exf6+ Qxf6 32. Bf3 Rxd4 33. Bxb7 Nd3 34. Re2 Nf4 35. Re3 c3 36. Rae1 Rd7 37. Be4 Rd2 38. Rxc3 Ne2+ 39. Rxe2 Rxe2 40. Bb7 Rxf2 41. Bxa6 Rf4 42. Be2 Qd4+ 43. Qe3 Qxb4 44. Qe5+ Kh7 45. Bd3 Qd4+ 46. Qxd4 Rxd4 47. g3 Ra4 48. a6 Bd5 49. Rc7 Kg7 50. Rxe7+ Kf6 51. Rd7 Be4 52. Bxe4 Rxe4 53. Kf2 Ra4 54. a7 Ra3 55. Ke2 Kf5 56. Kd2 Kg4 57. Kc2 Ra5 58. Rd5 Ra2+ 59. Kb3 Rxa7 60. Rg5+ Kh3 61. Rxg6 Rf7 62. Rg5 Rf3+ 63. Kc4 Rxg3 64. Rxh5 Rg4+ 1/2-1/2

[Event "Regionalliga SW 1415"]
[Site "Bayern"]
[Date "2015.04.12"]
[Round "9.2"]
[White "Fischer, Manfred"]
[Black "Terzic, Miomir"]
[Result "1-0"]
[WhiteElo "2124"]
[BlackElo "2280"]
[PlyCount "55"]
[EventDate "2014.10.19"]
[EventType "team-tourn"]
[EventRounds "9"]
[EventCountry "GER"]
[SourceTitle "EXT 2018"]
[Source "ChessBase"]
[SourceDate "2017.10.13"]
[SourceVersion "1"]
[SourceVersionDate "2017.10.13"]
[SourceQuality "1"]
[WhiteTeam "Tuerkheim/Bad Woerishofen"]
[BlackTeam "Solln"]
[WhiteTeamCountry "GER"]
[BlackTeamCountry "GER"]

1. e4 c6 2. Nc3 d5 3. f4 dxe4 4. Nxe4 Bf5 5. Nf2 Nf6 6. Bd3 Bxd3 7. Nxd3 e6 8. Nf3 Be7 9. b3 Nd5 10. Bb2 Bf6 11. Nfe5 Nd7 12. Qe2 Nxe5 13. fxe5 Be7 14. a3 b5 15. 0-0 0-0 16. Rf3 c5 17. c4 bxc4 18. bxc4 Nb6 19. Nf2 Na4 20. Bc3 Nxc3 21. dxc3 Qc7 22. Rh3 Rfe8 23. Qh5 h6 24. Ng4 Bg5 25. Rf1 g6 26. Nxh6+ Bxh6 27. Qxh6 Qxe5 28. Qh7+ 1-0

[Event "Regionalliga SW 1415"]
[Site "Bayern"]
[Date "2015.02.01"]
[Round "6.1"]
[White "Fischer, Manfred"]
[Black "Krulich, Roman"]
[Result "0-1"]
[WhiteElo "2124"]
[BlackElo "2168"]
[PlyCount "70"]
[EventDate "2014.10.19"]
[EventType "team-tourn"]
[EventRounds "9"]
[EventCountry "GER"]
[SourceTitle "EXT 2018"]
[Source "ChessBase"]
[SourceDate "2017.10.13"]
[SourceVersion "1"]
[SourceVersionDate "2017.10.13"]
[SourceQuality "1"]
[WhiteTeam "Tuerkheim/Bad Woerishofen"]
[BlackTeam "MSA Zugzwang II"]
[WhiteTeamCountry "GER"]
[BlackTeamCountry "GER"]

1. d4 d5 2. Nf3 Nf6 3. e3 Bg4 4. c4 c6 5. Qb3 Qb6 6. Nc3 Bxf3 7. gxf3 e6 8. Qc2 Nbd7 9. cxd5 cxd5 10. Bd2 Rc8 11. Bd3 Bd6 12. f4 Ke7 13. 0-0 h6 14. f3 g5 15. f5 e5 16. dxe5 Nxe5 17. Kh1 Rhd8 18. Rae1 Kf8 19. Be2 d4 20. exd4 Qxd4 21. f4 Neg4 22. fxg5 Nf2+ 23. Kg2 N6e4 24. g6 Qe5 25. Bxh6+ Kg8 26. gxf7+ Kh7 27. Rxf2 Qxh2+ 28. Kf3 Qxf2+ 29. Kxe4 Qh4+ 30. Kf3 Qg3+ 31. Ke4 Qh4+ 32. Kf3 Qxe1 33. Be3 Qg3+ 34. Ke4 Qg2+ 35. Kd4 Bf4+ 0-1

[Event "Regionalliga SW 1415"]
[Site "Bayern"]
[Date "2014.12.07"]
[Round "4.1"]
[White "Fischer, Manfred"]
[Black "Moufang, Rainer"]
[Result "0-1"]
[WhiteElo "2124"]
[BlackElo "2288"]
[PlyCount "50"]
[EventDate "2014.10.19"]
[EventType "team-tourn"]
[EventRounds "9"]
[EventCountry "GER"]
[SourceTitle "EXT 2018"]
[Source "ChessBase"]
[SourceDate "2017.10.13"]
[SourceVersion "1"]
[SourceVersionDate "2017.10.13"]
[SourceQuality "1"]
[WhiteTeam "Tuerkheim/Bad Woerishofen"]
[BlackTeam "Haar"]
[WhiteTeamCountry "GER"]
[BlackTeamCountry "GER"]

1. e4 c5 2. b4 cxb4 3. d4 d5 4. exd5 Nf6 5. a3 Qxd5 6. Nf3 e5 7. Nxe5 Nc6 8. Nxc6 Qxc6 9. Bd2 Bd6 10. Be2 Qxg2 11. Bf3 Qh3 12. Qe2+ Kf8 13. axb4 Bg4 14. Bxg4 Nxg4 15. Kd1 Re8 16. Qf1 Qh4 17. Kc1 a6 18. Ra3 Nxf2 19. Rg1 Ne4 20. Rf3 f6 21. Be3 Qh5 22. Nd2 Qf7 23. Nxe4 Rxe4 24. Bh6 gxh6 25. Rxf6 Bf4+ 0-1

[Event "Regionalliga SW 1415"]
[Site "Bayern"]
[Date "2014.10.19"]
[Round "1.2"]
[White "Fischer, Manfred"]
[Black "Wild, Rudolf"]
[Result "1-0"]
[WhiteElo "2124"]
[BlackElo "2176"]
[PlyCount "85"]
[EventDate "2014.10.19"]
[EventType "team-tourn"]
[EventRounds "9"]
[EventCountry "GER"]
[SourceTitle "EXT 2018"]
[Source "ChessBase"]
[SourceDate "2017.10.13"]
[SourceVersion "1"]
[SourceVersionDate "2017.10.13"]
[SourceQuality "1"]
[WhiteTeam "Tuerkheim/Bad Woerishofen"]
[BlackTeam "Krumbach"]
[WhiteTeamCountry "GER"]
[BlackTeamCountry "GER"]

1. e4 c5 2. Nc3 Nc6 3. f4 e6 4. Nf3 d5 5. Bb5 Nf6 6. e5 Nd7 7. Bxc6 bxc6 8. b3 Be7 9. 0-0 0-0 10. Qe1 Kh8 11. d3 f6 12. Bb2 fxe5 13. fxe5 Rf7 14. Qg3 Kg8 15. Ne2 Nf8 16. Nf4 Bd7 17. Nh3 Rf5 18. Nf2 Ng6 19. Ng4 a5 20. a4 Qb6 21. Kh1 Raf8 22. Rae1 Qb4 23. Bc1 Bh4 24. Bd2 Qa3 25. Qh3 Bxe1 26. Rxe1 Qb2 27. Ne3 Rxf3 28. gxf3 d4 29. Nc4 Qxc2 30. Qf1 Qxb3 31. Rb1 Rxf3 32. Rxb3 Rxf1+ 33. Kg2 Ra1 34. Rb8+ Nf8 35. Bg5 Kf7 36. Nd6+ Kg6 37. Rxf8 Kxg5 38. Rf7 Rxa4 39. Kf3 c4 40. dxc4 Bc8 41. Nxc8 Rxc4 42. Rxg7+ Kf5 43. Nd6+ 1-0

[Event "Niedersachsen-ch op-A"]
[Site "Verden"]
[Date "2014.01.05"]
[Round "7"]
[White "Fischer, Manfred"]
[Black "Sommer, Andreas"]
[Result "1/2-1/2"]
[WhiteElo "1828"]
[BlackElo "1809"]
[PlyCount "88"]
[EventDate "2014.01.02"]
[EventType "swiss"]
[EventRounds "7"]
[EventCountry "GER"]
[SourceTitle "EXT 2016"]
[Source "ChessBase"]
[SourceDate "2015.10.08"]
[SourceVersion "1"]
[SourceVersionDate "2015.10.08"]
[SourceQuality "1"]

1. e4 e6 2. d4 d5 3. exd5 exd5 4. Bd3 Nf6 5. Ne2 Be7 6. Bg5 0-0 7. c3 h6 8. Bh4 Bg4 9. f3 Be6 10. Nd2 Nbd7 11. Qc2 a6 12. 0-0 Rc8 13. b4 Re8 14. Nf4 Nf8 15. Nxe6 Nxe6 16. Rfe1 a5 17. a3 b6 18. Bf5 c5 19. Rxe6 fxe6 20. Bxe6+ Kh8 21. Bxc8 Qxc8 22. bxc5 bxc5 23. Nb3 cxd4 24. Nxd4 Bd8 25. a4 Re3 26. Rc1 Qc4 27. Qb3 Qxd4 28. cxd4 Rxb3 29. Rc8 Rb4 30. Rxd8+ Kh7 31. Bxf6 gxf6 32. Rxd5 Rxa4 33. Rb5 Kg7 34. Kf2 Ra2+ 35. Kg3 a4 36. Ra5 a3 37. d5 Rd2 38. Rxa3 Rxd5 39. h4 Kg6 40. Ra6 Rb5 41. Re6 Ra5 42. Kf4 Ra4+ 43. Re4 Ra5 44. g4 Rb5 1/2-1/2

[Event "Niedersachsen-ch op-A"]
[Site "Verden"]
[Date "2013.01.04"]
[Round "3"]
[White "Finke, Maurice"]
[Black "Fischer, Manfred"]
[Result "1-0"]
[WhiteElo "1938"]
[BlackElo "1838"]
[PlyCount "49"]
[EventDate "2013.01.03"]
[EventType "swiss"]
[EventRounds "7"]
[EventCountry "GER"]
[SourceTitle "EXT 2014"]
[Source "ChessBase"]
[SourceDate "2013.11.20"]
[SourceVersion "1"]
[SourceVersionDate "2013.11.20"]
[SourceQuality "1"]

1. d4 d5 2. c4 dxc4 3. e3 e5 4. dxe5 Qxd1+ 5. Kxd1 Be6 6. Nd2 Nd7 7. Bxc4 Nxe5 8. Bxe6 fxe6 9. Ngf3 Nd3 10. Ke2 0-0-0 11. Nd4 e5 12. Kxd3 exd4 13. exd4 Ne7 14. Nf3 h6 15. Be3 Nc6 16. Rhd1 g5 17. h3 Rg8 18. g4 Bd6 19. Ke2 Rde8 20. a3 Re7 21. Rac1 Rge8 22. d5 Nd8 23. Nd4 Bf4 24. Nf5 Re4 25. d6 1-0

[Event "Niedersachsen-ch op-B"]
[Site "Verden"]
[Date "2012.01.02"]
[Round "1"]
[White "Schulze, Torben"]
[Black "Fischer, Manfred"]
[Result "1-0"]
[WhiteElo "2276"]
[BlackElo "1879"]
[PlyCount "31"]
[EventDate "2012.01.02"]
[EventType "swiss"]
[EventRounds "7"]
[EventCountry "GER"]
[SourceTitle "EXT 2021"]
[Source "ChessBase"]
[SourceDate "2020.10.23"]
[SourceVersion "1"]
[SourceVersionDate "2020.10.23"]
[SourceQuality "1"]

1. e4 c5 2. Nc3 Nc6 3. Nf3 e6 4. d4 cxd4 5. Nxd4 a6 6. Be3 Nf6 7. f4 d5 8. e5 Ne4 9. Nxe4 dxe4 10. Nxc6 bxc6 11. Qxd8+ Kxd8 12. 0-0-0+ Kc7 13. Rd4 Bb7 14. Rxe4 c5 15. Rc4 Bd5 16. Rc3 1-0

[Event "Regionalliga SW 1011"]
[Site "Bayern"]
[Date "2011.04.10"]
[Round "9.3"]
[White "Wlokka, Clemens"]
[Black "Fischer, Manfred"]
[Result "0-1"]
[WhiteElo "1907"]
[BlackElo "2129"]
[PlyCount "108"]
[EventDate "2010.10.10"]
[EventType "team-tourn"]
[EventRounds "9"]
[EventCountry "GER"]
[SourceTitle "EXT 2012"]
[Source "ChessBase"]
[SourceDate "2011.11.24"]
[SourceVersion "1"]
[SourceVersionDate "2011.11.24"]
[SourceQuality "1"]
[WhiteTeam "Goeggingen"]
[BlackTeam "Tuerkheim/Bad Woerishofen"]
[WhiteTeamCountry "GER"]
[BlackTeamCountry "GER"]

1. d4 e6 2. e4 d5 3. Nd2 c5 4. c3 dxe4 5. Nxe4 cxd4 6. Qxd4 Qxd4 7. cxd4 Bd7 8. a3 Bc6 9. f3 Nd7 10. Bf4 Ngf6 11. Bd3 Nxe4 12. Bxe4 Bxe4 13. fxe4 Nf6 14. e5 Nd5 15. Bd2 Be7 16. Nf3 Rc8 17. Rc1 Rxc1+ 18. Bxc1 Kd7 19. Ke2 Rc8 20. Kd3 f5 21. Bd2 h6 22. h4 b5 23. Rc1 Rxc1 24. Bxc1 Nb6 25. g3 a5 26. Nd2 a4 27. Nf1 g5 28. Nh2 gxh4 29. gxh4 Bxh4 30. Bxh6 Kc6 31. Nf3 Bd8 32. Ne1 Nc4 33. Bc1 Bh4 34. Nc2 Bg3 35. Nb4+ Kd7 36. Ke2 Bh4 37. Kf3 Be7 38. Nd3 Na5 39. Bd2 Nb3 40. Bc3 Bg5 41. Ke2 Nc1+ 42. Nxc1 Bxc1 43. Kd3 Kc6 44. Kc2 Be3 45. Kd3 Bg1 46. Bb4 Kd5 47. Bc5 f4 48. Bb6 f3 49. Bc5 f2 50. Ke2 f1Q+ 51. Kxf1 Bxd4 52. Bb4 Bxe5 53. Ke2 Kc4 54. Kd2 Kb3 0-1